Ryan Reynolds Movies - Statistics

General Stats
  • This quiz has been taken 249 times
    96 since last reset
  • The average score is 14 of 77
Answer Stats
Year Movie % Correct
2016 Deadpool
100%
2018 Deadpool 2
100%
2024 Deadpool and Wolverine
100%
2018 Once Upon a Deadpool
100%
2015 Self/Less
100%
2021 Free Guy
71%
2021 Red Notice
56%
2024 IF
55%
2009 X-Men Origins: Wolverine
55%
2011 Green Lantern
53%
2022 The Adam Project
48%
2009 The Proposal
45%
2022 Spirited
31%
2019 6 Underground
29%
2004 Blade: Trinity
29%
2017 The Hitman's Bodyguard
27%
2021 The Hitman's Wife's Bodyguard
27%
2019 Poke'mon: Detective Pikachu
26%
2013 Turbo
24%
2013 The Croods
21%
2020 The Croods: A New Age
21%
2019 Fast and Furious Presents: Hobbs and Shaw
19%
2002 Van Wilder: Party Liasison
19%
2010 Buried
18%
2005 Just Friends
18%
2013 R.I.P.D.
16%
2022 Bullet Train
15%
2017 Life
15%
2008 Definitely, Maybe
13%
2013 Ted
13%
2005 Waiting...
11%
2009 Adventureland
10%
2005 The Amityville Horror
10%
2011 The Change-Up
10%
2014 A Million Ways to Die in the West
8%
TBD Detective Pikachu 2
8%
2023 Ghosted
8%
2012 Safe House
8%
2014 The Voices
8%
2015 Woman in Gold
6%
2004 Harold and Kumar: Go to White Castle
5%
1999 Coming Soon
3%
2016 Criminal
3%
1999 Dick
3%
2015 Mississippi Grind
3%
TBD Boy Band
2%
2002 Buying the Cow
2%
2008 Chaos Theory
2%
1993 Ordinary Magic
2%
2009 Paper Man
2%
2006 Smokin' Aces
2%
2014 The Captive
2%
2003 The In-Laws
2%
2021 A Fandemic: 50 Fans Celebrate 50 Years of Cinema
0%
TBD Clue
0%
TBD Dragon's Lair: The Movie
0%
TBD Everday Parenting Tips
0%
2001 Finder's Fee
0%
2008 Fireflies in the Garden
0%
2003 Foolproof
0%
TBD Free Guy 2
0%
TBD Most Wanted
0%
2013 Murder in Manhattan
0%
TBD Real Steel 2
0%
2022 Shotgun Wedding
0%
TBD Stoned Alone
0%
2000 Teen Monster
0%
1997 The Alarmist
0%
2007 The Nines
0%
TBD The Patient Who Nearly Drove Me Out of Medicine
0%
TBD TMI
0%
TBD Untitled Allan Loeb/ Ryan Reynolds Project
0%
TBD Untitled Netflix/Time Travel Project
0%
TBD Untitled Red Notice 2
0%
TBD Untitled Red Notice 3
0%
TBD Upstate
0%
2000 We All Fall Down
0%
No matching quizzes found
Score Distribution
Percent of People with Each Score
Percentile by Number Answered
Your Score History
You have not taken this quiz since the last reset